Закономерности ползучести объемных субмикрокристаллических металлических материалов в условиях воздействия диффузионными потоками атомов примеси из покрытия (обзор); Физическая мезомеханика; Т. 8, № 2

Chi tiết về thư mục
Parent link:Физическая мезомеханика/ Институт физики прочности и материаловедения ; Российская академия наук (РАН), Сибирское отделение (СО), Институт физики прочности и материаловедения (ИФПМ).— , 1998-.— 1683-805X
Т. 8, № 2.— 2005.— с. 49-60
Tác giả chính: Грабовецкая Г. П.
Ngôn ngữ:Tiếng Nga
Được phát hành: 2005
Những chủ đề:
Định dạng: Chương của sách
KOHA link:https://koha.lib.tpu.ru/cgi-bin/koha/opac-detail.pl?biblionumber=449818

MARC

LEADER 00000naa2a2200000 4500
001 449818
005 20231101083231.0
035 |a (RuTPU)RU\TPU\prd\111929 
035 |a RU\TPU\prd\36408 
090 |a 449818 
100 |a 20110608a2005 k y0rusy50 ca 
101 0 |a rus 
102 |a RU 
200 1 |a Закономерности ползучести объемных субмикрокристаллических металлических материалов в условиях воздействия диффузионными потоками атомов примеси из покрытия (обзор)  |f Г. П. Грабовецкая 
320 |a Библиогр.: 53 назв. 
461 0 |0 (RuTPU)RU\TPU\prd\353  |x 1683-805X  |t Физическая мезомеханика  |f Институт физики прочности и материаловедения ; Российская академия наук (РАН), Сибирское отделение (СО), Институт физики прочности и материаловедения (ИФПМ)  |d 1998- 
463 0 |0 (RuTPU)RU\TPU\prd\111922  |t Т. 8, № 2  |v с. 49-60  |d 2005 
610 1 |a ползучесть 
610 1 |a объемные субмикрокристаллические материалы 
610 1 |a металлические материалы 
610 1 |a закономерности 
610 1 |a атомы 
610 1 |a диффузионные потоки 
610 1 |a примеси 
610 1 |a покрытия 
610 1 |a интенсивная пластическая деформация 
610 1 |a зернограничное проскальзывание 
700 1 |a Грабовецкая  |b Г. П. 
801 1 |a RU  |b 63413507  |c 20050607  |g PSBO 
801 2 |a RU  |b 63413507  |c 20110608  |g PSBO 
942 |c BK